<?xml version="1.0" encoding="UTF-8"?>
<record
    xmlns:xsi="http://www.w3.org/2001/XMLSchema-instance"
    xsi:schemaLocation="http://www.loc.gov/MARC21/slim http://www.loc.gov/standards/marcxml/schema/MARC21slim.xsd"
    xmlns="http://www.loc.gov/MARC21/slim">

  <leader>01390nam a22002777a 4500</leader>
  <controlfield tag="005">20170124103119.0</controlfield>
  <datafield tag="010" ind1=" " ind2=" ">
    <subfield code="a">B-241978</subfield>
  </datafield>
  <datafield tag="020" ind1=" " ind2=" ">
    <subfield code="c">200.00</subfield>
    <subfield code="a">9788126713523</subfield>
  </datafield>
  <datafield tag="035" ind1=" " ind2=" ">
    <subfield code="a">B-241978</subfield>
  </datafield>
  <datafield tag="037" ind1=" " ind2=" ">
    <subfield code="b">Cen Lib/Ret</subfield>
  </datafield>
  <datafield tag="040" ind1=" " ind2=" ">
    <subfield code="a">DPL</subfield>
    <subfield code="b">HN</subfield>
  </datafield>
  <datafield tag="082" ind1=" " ind2=" ">
    <subfield code="a">342.0662</subfield>
    <subfield code="b">&#x930;&#x93E;&#x91C;&#x917;</subfield>
  </datafield>
  <datafield tag="100" ind1=" " ind2=" ">
    <subfield code="a">&#x930;&#x93E;&#x91C;&#x917;&#x93E;&#x922;&#x93C;&#x93F;&#x92F;&#x93E;, &#x935;&#x93F;&#x937;&#x94D;&#x923;&#x941; </subfield>
    <subfield code="9">5721</subfield>
  </datafield>
  <datafield tag="245" ind1=" " ind2=" ">
    <subfield code="a">&#x938;&#x942;&#x91A;&#x928;&#x93E; &#x915;&#x93E; &#x905;&#x927;&#x93F;&#x915;&#x93E;&#x930; /</subfield>
    <subfield code="c">&#x935;&#x93F;&#x937;&#x94D;&#x923;&#x941; &#x930;&#x93E;&#x91C;&#x917;&#x93E;&#x922;&#x93C;&#x93F;&#x92F;&#x93E; [&#x914;&#x930;] &#x905;&#x930;&#x935;&#x93F;&#x902;&#x926; &#x915;&#x947;&#x91C;&#x930;&#x940;&#x935;&#x93E;&#x932; ; &#x938;&#x902;&#x92A;&#x93E;&#x926;&#x915; &#x939;&#x930;&#x93F;&#x935;&#x902;&#x936; </subfield>
  </datafield>
  <datafield tag="246" ind1=" " ind2=" ">
    <subfield code="a">Soochna ka adhikar /</subfield>
    <subfield code="b">by Vishnu Rajgadiya [aur] Arvind Kejriwal ; sampadak Harivansh</subfield>
  </datafield>
  <datafield tag="260" ind1=" " ind2=" ">
    <subfield code="a">&#x928;&#x908; &#x926;&#x93F;&#x932;&#x94D;&#x932;&#x940; </subfield>
    <subfield code="b">&#x930;&#x93E;&#x91C;&#x915;&#x92E;&#x932; &#x92A;&#x94D;&#x930;&#x915;&#x93E;&#x936;&#x928; </subfield>
    <subfield code="c">1998</subfield>
  </datafield>
  <datafield tag="270" ind1=" " ind2=" ">
    <subfield code="b">&#x928;&#x908; &#x926;&#x93F;&#x932;&#x94D;&#x932;&#x940; </subfield>
    <subfield code="a">1-&#x92C;&#x940;,  &#x928;&#x947;&#x924;&#x93E;&#x91C;&#x940; &#x938;&#x941;&#x92D;&#x93E;&#x937; &#x92E;&#x93E;&#x930;&#x94D;&#x917;</subfield>
    <subfield code="e">110002</subfield>
  </datafield>
  <datafield tag="300" ind1=" " ind2=" ">
    <subfield code="a">162&#x92A;&#x943;. </subfield>
    <subfield code="c">20&#x938;&#x947;&#x92E;&#x940;(&#x938;&#x91C;&#x93F;&#x932;&#x94D;&#x926;)</subfield>
  </datafield>
  <datafield tag="650" ind1=" " ind2=" ">
    <subfield code="a">&#x938;&#x942;&#x91A;&#x928;&#x93E; &#x915;&#x93E; &#x905;&#x927;&#x93F;&#x915;&#x93E;&#x930; -- &#x924;&#x940;&#x928; &#x92A;&#x94D;&#x930;&#x92F;&#x94B;&#x917; </subfield>
    <subfield code="9">3911</subfield>
  </datafield>
  <datafield tag="650" ind1=" " ind2=" ">
    <subfield code="a">&#x938;&#x942;&#x91A;&#x928;&#x93E; &#x915;&#x93E; &#x905;&#x927;&#x93F;&#x915;&#x93E;&#x930; - &#x92A;&#x94D;&#x930;&#x915;&#x94D;&#x930;&#x93F;&#x92F;&#x93E; </subfield>
    <subfield code="9">4135</subfield>
  </datafield>
  <datafield tag="650" ind1=" " ind2=" ">
    <subfield code="a">RTI - three experiments</subfield>
    <subfield code="9">81433</subfield>
  </datafield>
  <datafield tag="650" ind1=" " ind2=" ">
    <subfield code="a">Right to Information - Procedure</subfield>
    <subfield code="9">81434</subfield>
  </datafield>
  <datafield tag="700" ind1=" " ind2=" ">
    <subfield code="a">&#x915;&#x947;&#x91C;&#x930;&#x940;&#x935;&#x93E;&#x932;, &#x905;&#x930;&#x935;&#x93F;&#x902;&#x926; </subfield>
    <subfield code="9">81435</subfield>
  </datafield>
  <datafield tag="700" ind1=" " ind2=" ">
    <subfield code="a"> &#x939;&#x930;&#x93F;&#x935;&#x902;&#x936; </subfield>
    <subfield code="9">500</subfield>
  </datafield>
  <datafield tag="942" ind1=" " ind2=" ">
    <subfield code="2">ddc</subfield>
    <subfield code="c">HN</subfield>
    <subfield code="h">342.0662</subfield>
    <subfield code="m">&#x930;&#x93E;&#x91C;&#x917;</subfield>
  </datafield>
  <datafield tag="999" ind1=" " ind2=" ">
    <subfield code="c">118683</subfield>
    <subfield code="d">118683</subfield>
  </datafield>
  <datafield tag="952" ind1=" " ind2=" ">
    <subfield code="0">0</subfield>
    <subfield code="1">0</subfield>
    <subfield code="4">0</subfield>
    <subfield code="7">0</subfield>
    <subfield code="a">L</subfield>
    <subfield code="b">L</subfield>
    <subfield code="d">2015-09-12</subfield>
    <subfield code="e">Cen Lib/Ret</subfield>
    <subfield code="g">200.00</subfield>
    <subfield code="l">3</subfield>
    <subfield code="o">342.0662 &#x930;&#x93E;&#x91C;&#x917;</subfield>
    <subfield code="p">B-241978</subfield>
    <subfield code="r">2019-10-07 00:00:00</subfield>
    <subfield code="s">2019-09-20</subfield>
    <subfield code="t">1</subfield>
    <subfield code="v">200.00</subfield>
    <subfield code="w">2015-09-12</subfield>
    <subfield code="y">HN</subfield>
  </datafield>
</record>
